Test de Rapidité - "2" - Statistiques

Statistiques générales
  • Ce quiz a été pris 466 fois
  • Le résultat moyen est 78 sur 100
Statistiques - réponses
Deux % Correct
2
100%
2
100%
2
98%
2
98%
2
98%
2
98%
2
97%
2
96%
2
95%
2
94%
2
94%
2
92%
2
92%
2
91%
2
90%
2
89%
2
88%
2
87%
2
85%
2
85%
2
84%
2
84%
2
82%
2
82%
2
82%
2
82%
2
81%
2
81%
2
81%
2
81%
2
81%
2
81%
2
81%
2
81%
2
81%
2
81%
2
81%
2
81%
2
81%
2
81%
2
81%
2
81%
2
80%
2
80%
2
80%
2
80%
2
80%
2
80%
2
80%
2
79%
2
79%
2
79%
2
79%
2
79%
2
78%
2
78%
2
78%
2
78%
2
78%
2
78%
2
77%
2
77%
2
77%
2
77%
2
77%
2
77%
2
76%
2
76%
2
76%
2
76%
2
76%
2
74%
2
73%
2
73%
2
72%
2
71%
2
71%
2
70%
2
69%
2
69%
2
68%
2
66%
2
65%
2
64%
2
63%
2
62%
2
61%
2
60%
2
60%
2
60%
2
59%
2
59%
2
58%
2
58%
2
58%
2
58%
2
56%
2
55%
2
54%
2
52%
Aucun quiz correspondant
Distribution des résultats
% des personnes avec chaque résultat
Percentile par nombre de réponses
Votre historique - résultats
Vous n’avez pas pris ce quiz